LEADER 01119nam 2200301 n 450 001 996392728903316 005 20221108082619.0 035 $a(CKB)4940000000113600 035 $a(EEBO)2264219015 035 $a(UnM)9958547400971 035 $a(EXLCZ)994940000000113600 100 $a19980226d1662 uy 101 0 $aeng 135 $aurbn||||a|bb| 200 12$aA poem royal to the sacred Maiesty of Charles the II. King of Great Britain$b[electronic resource] $eAnd the illustrious Donna Catharina His incomparable consort. /$fBy J.L. Esq 210 $aLondon, $cPrinted for Giles Calvert, at the Black-spread-Eagle near the west-end of Pauls$d1662 215 $a1 sheet ([1] p.) 300 $aVerse: "COnfusion, with grey winter's snow's dis-". 300 $aIn two columns. 300 $aReproduction of original in the British Library. 330 $aeebo-0018 700 $aJ. L$01002880 801 0$bCu-RivES 801 1$bCu-RivES 906 $aBOOK 912 $a996392728903316 996 $aA poem royal to the sacred Maiesty of Charles the II. King of Great Britain$92397299 997 $aUNISA